Les mots francais

Gespeichert in:
Bibliographische Detailangaben
1. Verfasser: Mitterand, Henri
Format: Buch
Sprache:Undetermined
Veröffentlicht: París, Francia Presses Universitaires de France 1965
Schlagworte:
Tags: Tag hinzufügen
Keine Tags, Fügen Sie den ersten Tag hinzu!

MARC

LEADER 00000nam a2200000Ia 4500
008 170316s9999 xx 000 0 und d
090 |a 801 M-40m 
100 |a Mitterand, Henri 
245 |a Les mots francais 
260 |a París, Francia 
260 |b Presses Universitaires de France 
260 |c 1965 
300 |a 126 páginas 
650 |a TEORÍA LITERARIA 
999 |c 20486  |d 20486 
040 |a cru BVZT 
942 |c 15 D  |h 801 M-40m  |2 z